[Event "GER-chT Federal Cup (Women)"]
[Site "Braunfels"]
[Date "2021.10.24"]
[Round "5.26"]
[White "Peglau, Sarah"]
[Black "Kickert, Germaine Helene"]
[Result "0-1"]
[WhiteElo "1837"]
[BlackElo "1977"]
[PlyCount "124"]
[EventDate "2021.10.19"]
[EventType "team-tourn"]
[EventRounds "5"]
[EventCountry "GER"]
[SourceTitle "CBM 204 Extra"]
[Source "ChessBase"]
[SourceDate "2021.11.30"]
[SourceVersion "1"]
[SourceVersionDate "2021.11.30"]
[SourceQuality "1"]

1. c4 e5 2. Nc3 Nf6 3. g3 d5 4. cxd5 Nxd5 5. Bg2 Nb6 6. d3 Be7 7. Be3 0-0 8. Rc1 c6 9. Nf3 Qd6 10. 0-0 Na6 11. a3 h6 12. Qc2 Bf5 13. b4 Nc7 14. Qb2 Ne6 15. Na2 Nd7 16. d4 exd4 17. Nxd4 Nxd4 18. Bxd4 Bf6 19. Rfd1 Bxd4 20. Rxd4 Qe7 21. Nc3 Nf6 22. b5 c5 23. Rf4 Be6 24. Na4 Rac8 25. b6 a6 26. Qe5 Nd7 27. Qe3 g5 28. Rfc4 Qd6 29. R4c2 Nxb6 30. Nxc5 Nd5 31. Qd2 Qe5 32. Nxb7 Rxc2 33. Rxc2 Rb8 34. Nc5 Rb1+ 35. Rc1 Rxc1+ 36. Qxc1 Qxe2 37. Nxe6 Qxe6 38. Bxd5 Qxd5 39. Qc8+ Kg7 40. Qxa6 Qd1+ 41. Qf1 Qf3 42. Qa1+ Kg6 43. a4 h5 44. h3 h4 45. Qb1+ Kg7 46. Qb2+ Kg6 47. Qb6+ Kh7 48. Qe3 Qd1+ 49. Kg2 Qxa4 50. Qxg5 Qe4+ 51. Kh2 hxg3+ 52. Kxg3 Qd3+ 53. Kh4 Qe4+ 54. f4 Qe1+ 55. Kh5 Qe2+ 56. Qg4 Qb5+ 57. f5 Qc6 58. Qf4 Qa6 59. f6 Qe2+ 60. Kg5 Qg2+ 61. Qg4 Qd2+ 62. Kh5 Qh6# 0-1

[Event "GER-chT Federal Cup (Women)"]
[Site "Braunfels"]
[Date "2021.10.22"]
[Round "3.10"]
[White "Birkholz, Olga"]
[Black "Kickert, Germaine Helene"]
[Result "1-0"]
[WhiteElo "2012"]
[BlackElo "1977"]
[PlyCount "47"]
[EventDate "2021.10.19"]
[EventType "team-tourn"]
[EventRounds "5"]
[EventCountry "GER"]
[SourceTitle "CBM 204 Extra"]
[Source "ChessBase"]
[SourceDate "2021.11.30"]
[SourceVersion "1"]
[SourceVersionDate "2021.11.30"]
[SourceQuality "1"]

1. d4 Nf6 2. e3 g6 3. Bd3 c5 4. c3 b6 5. Qe2 Bb7 6. f4 d6 7. Nf3 Nbd7 8. Nbd2 Bg7 9. e4 cxd4 10. cxd4 e5 11. Nc4 Qe7 12. fxe5 dxe5 13. dxe5 Nxe5 14. Ncxe5 Qb4+ 15. Bd2 Qxb2 16. Rb1 Qxa2 17. Bb5+ Kd8 18. Qd3+ Nd5 19. exd5 Bxe5 20. Nxe5 Qxd5 21. Bg5+ Kc7 22. Rc1+ Kd6 23. Nxf7+ Ke6 24. Bc4 1-0

[Event "BL2 West 1819 (Women)"]
[Site "Germany"]
[Date "2019.01.13"]
[Round "7.1"]
[White "Michna, Marta"]
[Black "Kickert, Germaine Helene"]
[Result "1-0"]
[WhiteElo "2336"]
[BlackElo "1968"]
[PlyCount "79"]
[EventDate "2018.10.27"]
[EventType "team-tourn"]
[EventRounds "7"]
[EventCountry "GER"]
[SourceTitle "CBM 190 Extra"]
[Source "ChessBase"]
[SourceDate "2019.07.15"]
[SourceVersion "1"]
[SourceVersionDate "2019.07.15"]
[SourceQuality "1"]
[WhiteTeam "Kiel Doppelbauer (W)"]
[BlackTeam "Delmenhorst (W)"]
[WhiteTeamCountry "GER"]
[BlackTeamCountry "GER"]

1. b3 e5 2. Bb2 Nc6 3. e3 Nf6 4. a3 a5 5. d3 d5 6. Nd2 Bd6 7. g3 0-0 8. Bg2 Ne7 9. c4 c6 10. Qc2 b6 11. Ne2 Nd7 12. 0-0 f5 13. Rad1 Nf6 14. Nf3 e4 15. Nfd4 Bd7 16. Nc3 Rc8 17. Nde2 Qc7 18. Rd2 Rfd8 19. Rfd1 Be8 20. Nd4 Kf7 21. cxd5 cxd5 22. Qb1 Qb8 23. dxe4 dxe4 24. Bf1 Be5 25. Ba6 Rc7 26. Bc4+ Kg6 27. Nxf5 Rxd2 28. Nxe7+ Rxe7 29. Rxd2 Bc6 30. Nd5 Rd7 31. Bxe5 Qxe5 32. Nf4+ Kh6 33. Rxd7 Nxd7 34. Qf1 g5 35. Qh3+ Kg7 36. Ne6+ Kg6 37. Nd4 Qd6 38. Qf5+ Kh6 39. Qf7 Qg6 40. Qxg6+ 1-0

[Event "BL2 West 1819 (Women)"]
[Site "Germany"]
[Date "2018.10.27"]
[Round "1.1"]
[White "Freitag, Julia"]
[Black "Kickert, Germaine Helene"]
[Result "1-0"]
[WhiteElo "2140"]
[BlackElo "1997"]
[PlyCount "73"]
[EventDate "2018.10.27"]
[EventType "team-tourn"]
[EventRounds "7"]
[EventCountry "GER"]
[SourceTitle "CBM 190 Extra"]
[Source "ChessBase"]
[SourceDate "2019.07.15"]
[SourceVersion "1"]
[SourceVersionDate "2019.07.15"]
[SourceQuality "1"]
[WhiteTeam "Steinfurt (W)"]
[BlackTeam "Delmenhorst (W)"]
[WhiteTeamCountry "GER"]
[BlackTeamCountry "GER"]

1. d4 Nf6 2. e3 g6 3. f4 Bg7 4. Nf3 0-0 5. c3 d6 6. Bd3 Nbd7 7. f5 e5 8. fxe6 fxe6 9. 0-0 d5 10. Ng5 Qe7 11. e4 Nxe4 12. Rxf8+ Nxf8 13. Nxe4 dxe4 14. Bxe4 c6 15. Be3 e5 16. d5 Bf5 17. Qf3 Qh4 18. Nd2 Bxe4 19. Nxe4 cxd5 20. Ng5 Qc4 21. Qf7+ Kh8 22. Qxb7 Rc8 23. Rf1 Rc7 24. Qb8 Kg8 25. Ne6 Rc8 26. Qxa7 Nxe6 27. Qf7+ Kh8 28. Qxe6 d4 29. Qxc4 Rxc4 30. cxd4 exd4 31. Rc1 Rxc1+ 32. Bxc1 d3 33. Kf2 d2 34. Bxd2 Bxb2 35. a4 Kg7 36. a5 Kf6 37. a6 1-0

[Event "Hannover Ihme Cup"]
[Site "Hannover"]
[Date "2017.04.28"]
[Round "1.22"]
[White "Kickert, Germaine Helene"]
[Black "Poschadel, Andreas Gregor"]
[Result "1-0"]
[WhiteElo "1999"]
[BlackElo "1451"]
[PlyCount "101"]
[EventDate "2017.04.28"]
[EventType "swiss"]
[EventRounds "5"]
[EventCountry "GER"]
[SourceTitle "EXT 2022"]
[Source "ChessBase"]
[SourceDate "2021.10.06"]
[SourceVersion "1"]
[SourceVersionDate "2021.10.06"]
[SourceQuality "1"]

1. e4 e5 2. Nf3 Nc6 3. Bb5 a6 4. Ba4 Nf6 5. d3 d6 6. c3 b5 7. Bb3 Be7 8. 0-0 0-0 9. Re1 Bg4 10. h3 Bc8 11. Nbd2 Bb7 12. Nf1 Nd7 13. Ng3 Nc5 14. Bc2 Bf6 15. Be3 Ne6 16. d4 exd4 17. cxd4 Nb8 18. Nh5 Be7 19. d5 Nc5 20. Nd4 Nbd7 21. b4 Na4 22. Bxa4 bxa4 23. Qxa4 Nb6 24. Qb3 Bg5 25. Rac1 Bxe3 26. Rxe3 Rc8 27. Rg3 g6 28. Qf3 Nd7 29. Qc3 Ne5 30. f4 Qh4 31. Rg5 f6 32. Nf5 fxg5 33. Nxh4 gxh4 34. fxe5 gxh5 35. Qe3 dxe5 36. Qg5+ Kh8 37. Qxe5+ Kg8 38. Rxc7 Rxc7 39. Qxc7 Bc8 40. d6 a5 41. bxa5 h6 42. d7 Bxd7 43. Qxd7 Kh8 44. a6 Rf7 45. Qe8+ Kg7 46. Qxf7+ Kxf7 47. a7 Ke6 48. a8Q Ke5 49. Qd5+ Kf4 50. e5 Kg3 51. Qf3# 1-0

[Event "BL2 West 1314 (Women)"]
[Site "Germany"]
[Date "2014.02.16"]
[Round "5.1"]
[White "Henrichs, Wenke"]
[Black "Kickert, Germaine Helene"]
[Result "0-1"]
[WhiteElo "2055"]
[BlackElo "1944"]
[PlyCount "58"]
[EventDate "2013.11.30"]
[EventType "team-tourn"]
[EventRounds "7"]
[EventCountry "GER"]
[SourceTitle "EXT 2018"]
[Source "ChessBase"]
[SourceDate "2017.10.13"]
[SourceVersion "1"]
[SourceVersionDate "2017.10.13"]
[SourceQuality "1"]
[WhiteTeam "Wattenscheid (W)"]
[BlackTeam "Delmenhorst (W)"]
[WhiteTeamCountry "GER"]
[BlackTeamCountry "GER"]

1. d4 Nf6 2. Nf3 d5 3. e3 Bg4 4. Nbd2 e6 5. b3 Ne4 6. c4 Bb4 7. Qc2 c6 8. Bd3 f5 9. 0-0 Bxf3 10. Nxf3 Nd7 11. Bb2 0-0 12. a3 Bd6 13. b4 Rf6 14. Ne5 Qc7 15. cxd5 exd5 16. f3 Ng5 17. Bxf5 Nxe5 18. f4 Nef7 19. fxg5 Bxh2+ 20. Kh1 Nxg5 21. e4 Rh6 22. exd5 Bf4+ 23. Kg1 Be3+ 24. Rf2 Qg3 25. Be6+ Nxe6 26. dxe6 Rf8 27. e7 Bxf2+ 28. Kf1 Rh1+ 29. Ke2 Qe3# 0-1

[Event "BL2 West 1314 (Women)"]
[Site "Germany"]
[Date "2013.12.01"]
[Round "2.2"]
[White "Thesing, Irene"]
[Black "Kickert, Germaine Helene"]
[Result "0-1"]
[WhiteElo "1940"]
[BlackElo "1944"]
[PlyCount "42"]
[EventDate "2013.11.30"]
[EventType "team-tourn"]
[EventRounds "7"]
[EventCountry "GER"]
[SourceTitle "EXT 2018"]
[Source "ChessBase"]
[SourceDate "2017.10.13"]
[SourceVersion "1"]
[SourceVersionDate "2017.10.13"]
[SourceQuality "1"]
[WhiteTeam "Heiden (W)"]
[BlackTeam "Delmenhorst (W)"]
[WhiteTeamCountry "GER"]
[BlackTeamCountry "GER"]

1. e4 e6 2. d4 d5 3. exd5 exd5 4. Nf3 Bd6 5. Bd3 Ne7 6. 0-0 Bg4 7. h3 Bh5 8. b3 Nbc6 9. Bb2 Qd7 10. Nbd2 0-0-0 11. c3 g5 12. Qc2 g4 13. hxg4 Qxg4 14. Ne5 Nxe5 15. dxe5 Rhg8 16. g3 Bxe5 17. Ne4 dxe4 18. Bxe4 Bg6 19. Rae1 Bd6 20. c4 f5 21. Bd5 Nxd5 0-1

[Event "GER-chT Federal Cup (Women)"]
[Site "Braunfels"]
[Date "2013.06.01"]
[Round "4.6"]
[White "Neumeyer, Hannelore"]
[Black "Kickert, Germaine Helene"]
[Result "1-0"]
[WhiteElo "1987"]
[BlackElo "1947"]
[PlyCount "73"]
[EventDate "2013.05.30"]
[EventType "team-swiss"]
[EventRounds "5"]
[EventCountry "GER"]
[SourceTitle "EXT 2014"]
[Source "ChessBase"]
[SourceDate "2013.11.20"]
[SourceVersion "1"]
[SourceVersionDate "2013.11.20"]
[SourceQuality "1"]
[WhiteTeam "Sachsen (W)"]
[BlackTeam "Niedersachsen (W)"]
[WhiteTeamCountry "GER"]
[BlackTeamCountry "GER"]

1. d4 d5 2. e4 e6 3. c4 dxe4 4. Nc3 Nf6 5. f3 c5 6. d5 exd5 7. cxd5 Bd6 8. Be3 a6 9. Qd2 Qc7 10. Nxe4 Nxe4 11. fxe4 Nd7 12. Nf3 0-0 13. Bd3 Re8 14. 0-0 Ne5 15. Nxe5 Bxe5 16. Bf4 Bg4 17. Bxe5 Rxe5 18. Rac1 Qe7 19. Qf2 b6 20. b4 cxb4 21. d6 Qe8 22. Qxb6 Be6 23. Rc7 Bd7 24. Qd4 Rd8 25. Bc4 Rxe4 26. Bxf7+ Qxf7 27. Qxe4 Qe6 28. Qf4 a5 29. Rf3 Qe1+ 30. Rf1 Qe6 31. h3 h6 32. Rf2 g5 33. Qd4 h5 34. Rf6 Qe1+ 35. Kh2 g4 36. Rg6+ Kf7 37. Qf6+ 1-0

[Event "GER-chT Lands U21"]
[Site "Xanten"]
[Date "2011.11.02"]
[Round "6.5"]
[White "Schaefer, Daniela"]
[Black "Kickert, Germaine Helene"]
[Result "1/2-1/2"]
[WhiteElo "1884"]
[BlackElo "1925"]
[PlyCount "52"]
[EventDate "2011.10.31"]
[EventType "team-swiss"]
[EventRounds "7"]
[EventCountry "GER"]
[SourceTitle "EXT 2022"]
[Source "ChessBase"]
[SourceDate "2021.10.06"]
[SourceVersion "1"]
[SourceVersionDate "2021.10.06"]
[SourceQuality "1"]
[WhiteTeam "Wuerttemberg U21"]
[BlackTeam "Niedersachsen U21"]
[WhiteTeamCountry "GER"]
[BlackTeamCountry "GER"]

1. e4 e5 2. Nf3 Nc6 3. Bb5 Nf6 4. 0-0 Nxe4 5. Re1 Nd6 6. Nxe5 Be7 7. Nxc6 dxc6 8. Bd3 Be6 9. Nc3 Qd7 10. b3 Bf6 11. Bb2 0-0 12. Rb1 Bf5 13. Bxf5 Qxf5 14. Re3 Bd4 15. Rf3 Qe5 16. Qe1 Rfe8 17. Qxe5 Bxe5 18. Kf1 Rad8 19. Re1 Bd4 20. Rxe8+ Rxe8 21. Nd1 Bxb2 22. Nxb2 Kf8 23. Na4 Re5 24. Nc3 Ke7 25. Re3 Re6 26. Ke2 h6 1/2-1/2

[Event "GER-chT Lands U21"]
[Site "Xanten"]
[Date "2011.10.31"]
[Round "2.5"]
[White "Meyers, Mark"]
[Black "Kickert, Germaine Helene"]
[Result "1-0"]
[WhiteElo "1904"]
[BlackElo "1925"]
[PlyCount "89"]
[EventDate "2011.10.31"]
[EventType "team-swiss"]
[EventRounds "7"]
[EventCountry "GER"]
[SourceTitle "EXT 2022"]
[Source "ChessBase"]
[SourceDate "2021.10.06"]
[SourceVersion "1"]
[SourceVersionDate "2021.10.06"]
[SourceQuality "1"]
[WhiteTeam "Nordrhein Westfalen U21"]
[BlackTeam "Niedersachsen U21"]
[WhiteTeamCountry "GER"]
[BlackTeamCountry "GER"]

1. Nf3 e6 2. c4 b6 3. g3 Bb7 4. Bg2 Nf6 5. Nc3 Be7 6. d4 Ne4 7. Qc2 f5 8. Nd2 Nd6 9. e4 fxe4 10. Ndxe4 Nxe4 11. Nxe4 Nc6 12. Be3 Bb4+ 13. Nc3 Qf6 14. 0-0 Bxc3 15. Qxc3 Nd8 16. Bf4 Bxg2 17. Kxg2 Nc6 18. Rad1 Rc8 19. Be5 Qf7 20. d5 Nxe5 21. Qxe5 Qf6 22. Rfe1 0-0 23. Qxf6 Rxf6 24. dxe6 dxe6 25. Rd7 Rcf8 26. f4 R6f7 27. Red1 Rxd7 28. Rxd7 Rf7 29. Rd8+ Rf8 30. Rxf8+ Kxf8 31. Kf3 Ke7 32. Ke4 Kd6 33. b4 a6 34. Kd4 h5 35. h3 g6 36. a3 a5 37. b5 c6 38. a4 c5+ 39. Ke4 Ke7 40. Ke5 Kf7 41. Kd6 Kf6 42. Kc6 g5 43. fxg5+ Kxg5 44. Kxb6 e5 45. Kxc5 1-0

[Event "Nordhausen op 11th"]
[Site "Nordhausen"]
[Date "2011.08.05"]
[Round "3.14"]
[White "Kickert, Germaine Helene"]
[Black "Sieber, Fiona"]
[Result "1-0"]
[WhiteElo "1985"]
[BlackElo "1689"]
[PlyCount "145"]
[EventDate "2011.08.04"]
[EventType "swiss"]
[EventRounds "7"]
[EventCountry "GER"]
[SourceTitle "EXT 2019"]
[Source "ChessBase"]
[SourceDate "2018.10.10"]
[SourceVersion "1"]
[SourceVersionDate "2018.10.10"]
[SourceQuality "1"]

1. e4 c5 2. Nf3 d6 3. d4 cxd4 4. Nxd4 Nf6 5. Nc3 Nc6 6. g3 e5 7. Nde2 Bg4 8. Bg2 Nd4 9. Qd3 Ne6 10. Qb5+ Qd7 11. Qxd7+ Kxd7 12. h3 Bh5 13. Be3 h6 14. 0-0-0 Be7 15. Kb1 Rhd8 16. Rd2 Ke8 17. f4 Nc7 18. Ng1 Bg6 19. f5 Bh7 20. g4 b6 21. Bf3 Nd7 22. h4 Bg8 23. g5 hxg5 24. hxg5 Nc5 25. Nge2 Kd7 26. b3 Kc6 27. Rhd1 Kb7 28. Ng3 Bf8 29. Kb2 Rac8 30. Nf1 Kb8 31. Bf2 N5a6 32. Ne3 Kb7 33. Ncd5 Nxd5 34. Nxd5 Nc7 35. Nxc7 Rxc7 36. Bh4 Rdc8 37. c4 Rd8 38. Bg4 Kb8 39. Rd3 Kb7 40. Rh1 Kb8 41. Rc3 Kb7 42. Bh5 Rdc8 43. Rcc1 Kb8 44. Bf2 Be7 45. Be3 Kb7 46. Bg4 Rd8 47. Rh8 Kc6 48. Rf1 Re8 49. f6 Bxf6 50. gxf6 g6 51. Rd1 Rb7 52. Rd5 Rbb8 53. Bd2 Ra8 54. b4 Rad8 55. a4 Kc7 56. Be3 Rb8 57. Kc3 Red8 58. a5 Ra8 59. Kb3 Rab8 60. Kc3 Ra8 61. c5 bxc5 62. bxc5 Rab8 63. Rxd6 Re8 64. Rd7+ Kc6 65. Rxa7 Red8 66. Kc4 Rf8 67. Ra6+ Kb7 68. Rb6+ Kc7 69. a6 Ra8 70. Rb7+ Kd8 71. a7 Re8 72. c6 Rxa7 73. Bb6# 1-0

[Event "Rhein Main op-A 14th"]
[Site "Bad Homburg"]
[Date "2011.06.22"]
[Round "1"]
[White "Reefschlaeger, Helmut"]
[Black "Kickert, Germaine Helene"]
[Result "1/2-1/2"]
[WhiteElo "2265"]
[BlackElo "1985"]
[PlyCount "102"]
[EventDate "2011.06.22"]
[EventType "swiss"]
[EventRounds "7"]
[EventCountry "GER"]
[SourceTitle "EXT 2012"]
[Source "ChessBase"]
[SourceDate "2011.11.24"]
[SourceVersion "1"]
[SourceVersionDate "2011.11.24"]
[SourceQuality "1"]

1. d4 e6 2. c4 Nf6 3. g3 d5 4. Bg2 Bb4+ 5. Bd2 Qe7 6. Qb3 Bxd2+ 7. Nxd2 c6 8. Ngf3 0-0 9. 0-0 Nbd7 10. Qc2 Rd8 11. Rfe1 e5 12. cxd5 Nxd5 13. e4 Nb4 14. Qc3 exd4 15. Nxd4 Qc5 16. N2b3 Qxc3 17. bxc3 Nd3 18. Re2 N7c5 19. Rd2 Nxb3 20. axb3 Nc5 21. Rad1 Bg4 22. f3 Be6 23. Rb1 a5 24. Nxe6 fxe6 25. Ra2 b5 26. Bf1 Kf7 27. Kf2 a4 28. bxa4 Rxa4 29. Rc2 Ra3 30. c4 Nd3+ 31. Bxd3 Rdxd3 32. cxb5 Rxf3+ 33. Kg2 cxb5 34. Rxb5 Rac3 35. Rcb2 Rfe3 36. Rf2+ Kg6 37. Re5 Rc6 38. h4 h6 39. g4 Rec3 40. h5+ Kh7 41. Rb5 R6c5 42. Rb8 Rc8 43. Rxc8 Rxc8 44. Rd2 Rc7 45. Rd8 g6 46. Re8 gxh5 47. gxh5 Rc5 48. Rxe6 Rxh5 49. Rf6 Kg7 50. Rf4 Ra5 51. Kf3 Kg6 1/2-1/2

[Event "BL2 Nord 1011 (Women)"]
[Site "Germany"]
[Date "2010.11.06"]
[Round "1.2"]
[White "Kickert, Germaine Helene"]
[Black "Opaska, Ines"]
[Result "0-1"]
[WhiteElo "1982"]
[BlackElo "1852"]
[PlyCount "90"]
[EventDate "2010.11.06"]
[EventType "team-tourn"]
[EventRounds "7"]
[EventCountry "GER"]
[SourceTitle "EXT 2012"]
[Source "ChessBase"]
[SourceDate "2011.11.24"]
[SourceVersion "1"]
[SourceVersionDate "2011.11.24"]
[SourceQuality "1"]
[WhiteTeam "Delmenhorst (W)"]
[BlackTeam "Braunschweig (W)"]
[WhiteTeamCountry "GER"]
[BlackTeamCountry "GER"]

1. e4 d5 2. exd5 Qxd5 3. Nc3 Qd6 4. d4 Nf6 5. Nf3 Bg4 6. h3 Bxf3 7. Qxf3 Nc6 8. Nb5 Qd7 9. Bf4 0-0-0 10. Bxc7 Nxd4 11. Qd3 Qxb5 12. Qxb5 Nxc2+ 13. Ke2 Nd4+ 14. Ke1 Nc2+ 15. Ke2 Nd4+ 16. Kd1 Nxb5+ 17. Bxd8 Nd4 18. Ba5 Ne4 19. Rc1+ Kd7 20. Ke1 b6 21. Rd1 e5 22. Bc3 Bc5 23. Bd3 Nxc3 24. bxc3 Ne6 25. Bxh7+ Ke7 26. Be4 Rc8 27. Bf5 Ba3 28. Bxe6 Kxe6 29. Rd3 b5 30. Kd2 Bc5 31. Ke2 e4 32. Rg3 g6 33. h4 Bb6 34. Rb1 Ba5 35. Kd2 a6 36. Re1 Rc4 37. Rge3 Kf5 38. Rh3 Bb6 39. Rf1 Ra4 40. f3 Rxa2+ 41. Ke1 e3 42. g4+ Kf4 43. h5 Ba5 44. Rfh1 Bxc3+ 45. Kd1 e2+ 0-1

[Event "GER-chT Federal Cup (Women)"]
[Site "Braunfels"]
[Date "2010.06.06"]
[Round "5"]
[White "Kickert, Germaine Helene"]
[Black "Dirmeier, Carolin"]
[Result "0-1"]
[WhiteElo "1973"]
[BlackElo "2019"]
[PlyCount "62"]
[EventDate "2010.06.03"]
[EventType "team-swiss"]
[EventRounds "5"]
[EventCountry "GER"]
[SourceTitle "CBM 136 Extra"]
[Source "ChessBase"]
[SourceDate "2010.07.02"]
[SourceVersion "2"]
[SourceVersionDate "2010.07.15"]
[SourceQuality "1"]

1. e4 c5 2. Nf3 Nc6 3. d4 cxd4 4. Nxd4 Nf6 5. Nc3 e5 6. Ndb5 d6 7. Bg5 a6 8. Na3 b5 9. Bxf6 gxf6 10. Nd5 f5 11. Bd3 Be6 12. c3 Rc8 13. c4 Nd4 14. exf5 Nxf5 15. cxb5 Nd4 16. Nc3 Qa5 17. Qd2 d5 18. Nab1 axb5 19. 0-0 Rg8 20. Kh1 b4 21. Ne2 Nxe2 22. Qxe2 e4 23. Bb5+ Ke7 24. f3 e3 25. f4 f5 26. Bd3 d4 27. a3 Bd5 28. Rg1 Bxg2+ 29. Qxg2 Rxg2 30. Kxg2 Qd5+ 31. Kg3 b3 0-1

[Event "BL2 West 0910 (Women)"]
[Site "Germany"]
[Date "2010.01.17"]
[Round "5.2"]
[White "Kickert, Germaine Helene"]
[Black "Bluebaum, Johanna"]
[Result "1-0"]
[WhiteElo "1972"]
[BlackElo "1963"]
[PlyCount "59"]
[EventDate "2009.11.07"]
[EventType "team-tourn"]
[EventRounds "7"]
[EventCountry "GER"]
[SourceTitle "CBM 133 Extra"]
[Source "ChessBase"]
[SourceDate "2010.01.05"]
[SourceVersion "1"]
[SourceVersionDate "2010.01.05"]
[SourceQuality "1"]
[WhiteTeam "Delmenhorst (W)"]
[BlackTeam "Braunschweig (W)"]
[WhiteTeamCountry "GER"]
[BlackTeamCountry "GER"]

1. e4 e6 2. d4 d5 3. Nd2 Be7 4. Ngf3 Nf6 5. e5 Nfd7 6. Bd3 c5 7. c3 b6 8. Qe2 a5 9. 0-0 Ba6 10. c4 Nc6 11. cxd5 Bxd3 12. Qxd3 Nb4 13. Qe2 Nxd5 14. Nc4 0-0 15. Ne3 Nf4 16. Qb5 Ng6 17. Rd1 Qc7 18. Nc4 Rfd8 19. Be3 Rab8 20. Rac1 Rb7 21. dxc5 bxc5 22. Qxa5 Qb8 23. Qc3 f6 24. Na5 Rb6 25. b4 cxb4 26. Qb3 Ngxe5 27. Nxe5 Nxe5 28. Bxb6 Qxb6 29. Rxd8+ Bxd8 30. Nc6 1-0

[Event "BL2 West 0910 (Women)"]
[Site "Germany"]
[Date "2009.12.06"]
[Round "4.2"]
[White "Amirezaishvili, Maia"]
[Black "Kickert, Germaine Helene"]
[Result "0-1"]
[WhiteElo "1947"]
[BlackElo "1972"]
[PlyCount "70"]
[EventDate "2009.11.07"]
[EventType "team-tourn"]
[EventRounds "7"]
[EventCountry "GER"]
[SourceTitle "CBM 133 Extra"]
[Source "ChessBase"]
[SourceDate "2010.01.05"]
[SourceVersion "1"]
[SourceVersionDate "2010.01.05"]
[SourceQuality "1"]
[WhiteTeam "Steinfurt (W)"]
[BlackTeam "Delmenhorst (W)"]
[WhiteTeamCountry "GER"]
[BlackTeamCountry "GER"]

1. e4 c5 2. Nf3 Nc6 3. d4 cxd4 4. Nxd4 Nf6 5. Nc3 e6 6. Be2 Bb4 7. Nxc6 bxc6 8. Bf3 Bxc3+ 9. bxc3 Ba6 10. Be2 Bxe2 11. Qxe2 Qa5 12. Qd3 Nxe4 13. 0-0 d5 14. Bf4 Qb5 15. c4 Qxc4 16. Qxc4 dxc4 17. Rfe1 Nf6 18. Rab1 Nd5 19. Bd6 Kd7 20. Be5 f6 21. Bd4 Rhb8 22. a4 e5 23. Bc5 Nc3 24. Rxb8 Rxb8 25. Bxa7 Rb2 26. a5 Rxc2 27. Kf1 Kc8 28. Bc5 Kb7 29. Bb4 Nd5 30. Bc5 Ka6 31. Ra1 c3 32. Ke1 Nf4 33. Kd1 Rd2+ 34. Kc1 Nd3+ 35. Kb1 Rb2# 0-1